Вікторина України - Statistics

General Stats
  • This quiz has been taken 1,975 times
  • The average score is 10 of 21
Answer Stats
Підказки Відповідь % Correct
Столиця Київ
100%
Найдовша річка Дніпро
95%
Валюта Гривня
91%
Півострів захопив Росія у 2014 році Крим
89%
Буряковий суп Борщ
88%
Друге найбільше місто Харків
83%
Місце ядерної аварії 1986 року Чорнобиль
83%
Від цього загинули мільйони в 1932 та 1933 роках Голод
74%
Найбільше місто на вищезгаданому Одеса
73%
Алфавіт, який використовується в Україні Кирилиця
49%
Етнічна група вершників, яка колись захищала російські кордони Козак
41%
Основні межі моря Чорне море
37%
Етнічна група вищезазначених та жертви масової депортації Татари
30%
Країна, до складу якої Україна входила до 1991 року Радянський Союз
26%
Гірський хребет південно-західної України Карпатський
18%
Остаточні кандидати в президенти 2004 року Віктор Ющенко
16%
Остаточні кандидати в президенти 2004 року Віктор Янукович
15%
Протести, викликані фальсифікацією вищезазначеного {Помаранчевий} Революція
15%
Назва для української провінції Обласні
3%
Домінуюча гілка християнства Східні православні
2%
Чемпіон жіночого фігурного катання 1994 року Оксана Баюль
2%
No matching quizzes found
Score Distribution
Percent of People with Each Score
Percentile by Number Answered
Your Score History
You have not taken this quiz